| 000 | 00916nam a2200265 a 4500 | ||
|---|---|---|---|
| 001 | 606355 | ||
| 003 | ARRUPE | ||
| 005 | 20140131121124.0 | ||
| 008 | 910722r1990 sz b 000 0 eng | ||
| 010 | _a 91174648 | ||
| 020 | _a2825409944 | ||
| 040 |
_aDLC _cDLC |
||
| 050 | 0 | 0 |
_aBT122 _b.T59 1990 |
| 082 | 0 | 0 |
_a231/.3 _220 |
| 245 | 0 | 0 |
_aTo the wind of God's Spirit : _breflections on the Canberra theme / _ccompiled by Emilio Castro. |
| 260 |
_aGeneva : _bWCC Publications, _cc1990. |
||
| 300 |
_avii, 103 p. ; _c25 cm. |
||
| 500 | _aContains articles which originally appeared in The ecumenical review. | ||
| 504 | _aIncludes bibliographical references. | ||
| 650 | 0 |
_aHoly Spirit. _97509 |
|
| 700 | 1 |
_aCastro, Emilio. _97510 |
|
| 906 |
_a7 _bcbc _corignew _d2 _encip _f19 _gy-gencatlg |
||
| 942 |
_2lcc _cMONOGRAPH |
||
| 999 |
_c119824 _d119824 |
||